When in Rome- The Promise Lyrics - Statistics

General Stats
  • This quiz has been taken 9 times
  • The average score is 341 of 354
Answer Stats
Answer % Correct
a
100%
always
100%
And
100%
and
100%
around
100%
be
100%
But
100%
but
100%
do
100%
Don't
100%
don't
100%
fall
100%
for
100%
(I
100%
I
100%
If
100%
if
100%
I'll
100%
I'm
100%
It's
100%
just
100%
know
100%
make
100%
me
100%
of
100%
planned
100%
promise
100%
right
100%
say
100%
so
100%
sorry
100%
sound
100%
the
100%
them
100%
there
100%
they
100%
thinking
100%
to
100%
wait
100%
way
100%
while
100%
will
100%
words
100%
you
100%
You
100%
you)
100%
all
80%
come
80%
danger
80%
day
80%
doubt
80%
end
80%
friend
80%
gonna
80%
gotta
80%
Gotta
80%
had
80%
in
80%
intended
80%
is
80%
look
80%
need
80%
Need
80%
no
80%
not
80%
out
80%
shout
80%
Sometimes
80%
stranger
80%
Take
80%
tell
80%
These
80%
through
80%
walk
80%
what
80%
what's
80%
when
80%
When
80%
With
80%
world
80%
your
80%
you're
80%
bear
60%
I've
60%
temper
60%
cross
40%
I'd
40%
No matching quizzes found
Score Distribution
Percent of People with Each Score
Percentile by Number Answered
Your Score History
You have not taken this quiz